Prezydenci Piotrkowa Tryb. - Statystyki

Ogólne statystyki
  • Ten quiz został rozwiązany 20 razy
    16 od ostatniego zresetowania
  • Średni wynik to 3 z 10
Statystyki odpowiedzi
Hint Odpowiedź % Poprawnych
2006-2024 Krzysztof Chojniak
100%
2024- Juliusz Wiernicki
92%
1996-2002 Andrzej Pol
31%
1990-1996 Michał Rżanek
15%
1976-1981 Antoni Sokalski
8%
1982-1985 Henryk Artowicz
8%
1985-1990 Stanisław Kwapiński
8%
1981-1982 Waldemar Kelm
8%
2002-2006 Waldemar Matusewicz
8%
1990 Zbigniew Podlewski
8%
Nie znaleziono quizów pasujących do podanych kryteriów
Rozkład punktacji
Procent ludzi z każdym wynikiem
Percentyl według liczby udzielonych odpowiedzi
Twoja historia wyników
Nie rozwiązałeś tego quizu od ostatniego zresetowania